000 00416nam a2200145Ia 4500
008 151213s9999 xx 000 0 und d
100 _aAbu Taher Mojumder.
245 _aSir William Jons and The Eant
_cAbu Taher Mojumder.
260 _aDhaka
_bPoonam Printing Press Ltd.
_c1978
300 _a8877 p.
650 _aEnglish Literature
650 _aEnglish Literature
700 _aAbu Taher Mojumder.
999 _c4662
_d4662